000
00286nam a2200121 a 4500
008
101022s1970|||| d
245
1
0
_a
ABD-EL-KADER
100
1
_a
Knittel, John
044
_a
xo
_c
SK
020
_c
29
041
_a
slo
260
_a
Bratislava
_b
Slovenský spisovateľ
_c
1970
999
_c
12074
_d
12074